Exact solutions and invariant subspaces of nonlinear partial differential equations in mechanics and physics
Αποθηκεύτηκε σε:
| Κύριος συγγραφέας: | |
|---|---|
| Άλλοι συγγραφείς: | |
| Μορφή: | Βιβλίο |
| Γλώσσα: | English |
| Δημοσίευση: |
Boca Raton, FL :
Chapman & Hall/CRC,
c2007
|
| Σειρά: | Chapman & Hall/CRC applied mathematics and nonlinear science series
|
| Θέματα: | |
| Ετικέτες: |
Προσθήκη ετικέτας
Δεν υπάρχουν, Καταχωρήστε ετικέτα πρώτοι!
|
MARC
| LEADER | 00000nam a2200000 i 4500 | ||
|---|---|---|---|
| 001 | 1/81426 | ||
| 008 | 080410s2007 eng d | ||
| 020 | |a 1-58488-663-3 | ||
| 035 | |l 10096460 | ||
| 040 | |a GR-MY-UA |b gre |e aacr | ||
| 041 | 0 | |a eng | |
| 082 | 0 | |a 518.64 |2 (22) | |
| 100 | 1 | |a Galaktionov, Victor A. | |
| 245 | 1 | 0 | |a Exact solutions and invariant subspaces of nonlinear partial differential equations in mechanics and physics / |c Victor A. Galaktionov, Sergey R. Svirshchevskii |
| 260 | |a Boca Raton, FL : |b Chapman & Hall/CRC, |c c2007 | ||
| 300 | |a xxx, 498 σ.; |b εικ.; |c 25 εκ. | ||
| 490 | 1 | |a Chapman & Hall/CRC applied mathematics and nonlinear science series | |
| 504 | |a Περιέχει βιβλιογραφικές παραπομπές (σ. [467]-492) και ευρετήριο | ||
| 650 | 0 | 0 | |a Differential equations, Partial |x Numerical solutions. |
| 650 | 0 | 0 | |a Nonlinear theories |x Methodology. |
| 650 | 0 | 0 | |a Invariant subspaces |x Methodology. |
| 650 | 0 | 0 | |a Exact (Philosophy) |x Mathematics. |
| 650 | 0 | 0 | |a Mathematical physics. |
| 700 | 1 | |a Svirshchevskii, Sergey R. | |
| 830 | 0 | |a Chapman & Hall/CRC applied mathematics and nonlinear science series | |
| 852 | |a INST |b SAMOS |e 20080410 |h 518.64 GAL |p 005300026531 |q 005300026531 |t BK |y 0 | ||
| 901 | |a BIBL3-2008-1 | ||
| 909 | |a Σ |b 151358 | ||
| 922 | |a 3ΕΛΗ |b 200803 |c ΕΠΕΑΕΚ2/ΤΜΗΜΑ ΜΑΘΗΜΑΤΙΚΩΝ |d ΠΑΠΑΣΩΤΗΡΙΟΥ | ||
| 970 | |a ΡΟΥΣΣΟΥ |b ΚΩΝΣΤΑΝΤΙΝΑ |z 2008/04/10 | ||